新約引用舊約 Xin yue yin yong jiu yue = Commentary on the New Testament use of the Old Testament {ch} / (Record no. 37523)
[ view plain ]
| 000 -LEADER | |
|---|---|
| fixed length control field | 02575cam a2200433Ia 4500 |
| 001 - CONTROL NUMBER | |
| control field | ocn825553184 |
| 003 - CONTROL NUMBER IDENTIFIER | |
| control field | OSt |
| 005 - DATE AND TIME OF LATEST TRANSACTION | |
| control field | 20141107171401.0 |
| 008 - FIXED-LENGTH DATA ELEMENTS--GENERAL INFORMATION | |
| fixed length control field | 130128s2012 cau b 000 0 chi d |
| 020 ## - INTERNATIONAL STANDARD BOOK NUMBER | |
| International Standard Book Number | 1932184546 (v.1) |
| 020 ## - INTERNATIONAL STANDARD BOOK NUMBER | |
| International Standard Book Number | 9781932184549 (v.1) |
| 020 ## - INTERNATIONAL STANDARD BOOK NUMBER | |
| International Standard Book Number | 1932184570 (v.2) |
| 020 ## - INTERNATIONAL STANDARD BOOK NUMBER | |
| International Standard Book Number | 9781932184570 (v.2) |
| 035 ## - SYSTEM CONTROL NUMBER | |
| System control number | (OCoLC)825553184 |
| 040 ## - CATALOGING SOURCE | |
| Original cataloging agency | CNTCS |
| Transcribing agency | CNTCS |
| Modifying agency | CNTCS |
| -- | LGV |
| 041 1# - LANGUAGE CODE | |
| Language code of text/sound track or separate title | chi |
| Language code of original and/or intermediate translations of text | eng |
| 049 ## - LOCAL HOLDINGS (OCLC) | |
| Holding library | LGVC |
| 050 #4 - LIBRARY OF CONGRESS CALL NUMBER | |
| Classification number | BS511.3 |
| Item number | .C65312 2012 |
| 130 0# - MAIN ENTRY--UNIFORM TITLE | |
| Uniform title | Commentary on the New Testament use of the Old Testament. |
| Language of a work | Chinese |
| 245 00 - TITLE STATEMENT | |
| Title | 新約引用舊約 Xin yue yin yong jiu yue = Commentary on the New Testament use of the Old Testament {ch} / |
| Statement of responsibility, etc | 英文版主編畢爾(G.K. Beale), 卡森(D.A. Carson) ; 中文版主編潘秋松 ; 譯者金繼宇, 于卉等. 潘秋松. 金繼宇. 于卉. ; ; G K Beale; D A Carson; Qiusong Pan; Jiyu Jin; Ying wen ban zhu bian Bi'er = G.K. Beale, Kasen = D.A. Carson ; Zhong wen ban zhu bian Pan Qiusong ; yi zhe Jin Jiyu, Yu Hui deng. |
| 250 ## - EDITION STATEMENT | |
| Edition statement | (Fan ti zi Zhong wen ban) Chu ban. |
| 260 ## - PUBLICATION, DISTRIBUTION, ETC. (IMPRINT) | |
| Place of publication, distribution, etc | South Pasadena,Calif. : |
| Name of publisher, distributor, etc | Meiguo mai zhong chuan dao hui , |
| Date of publication, distribution, etc | c2012. |
| 300 ## - PHYSICAL DESCRIPTION | |
| Extent | 2 v. (xxxvi, 1724 p.) ; |
| Dimensions | 27 cm. |
| 336 ## - CONTENT TYPE | |
| Source | rdacontent |
| 337 ## - MEDIA TYPE | |
| Source | rdamedia |
| 338 ## - CARRIER TYPE | |
| Source | rdacarrier |
| 490 1# - SERIES STATEMENT | |
| Series statement | 麥種聖經註釋 Mai zhong sheng jing zhu shi |
| 500 ## - GENERAL NOTE | |
| General note | Translation of : Commentary on the New Testament use of the Old Testament / edited by G.K. Beale and D.A. Carson ; Grand Rapids, Mich. : Baker Academic ; Nottingham, England : Apollos, 2007. |
| 504 ## - BIBLIOGRAPHY, ETC. NOTE | |
| Bibliography, etc | Includes bibliographical references. |
| 505 ## - FORMATTED CONTENTS NOTE | |
| Formatted contents note | English contents : Matthew / Craig L. Blomberg -- Mark / Rikk E. Watts -- Luke / David W. Pao and Eckhard J. Schnabel -- John / Andreas J. Köstenberger -- Acts / I. Howard Marshall -- Romans / Mark A. Seifrid -- 1 Corinthians / Roy E. Ciampa and Brian S. Rosner -- 2 Corinthians / Peter Balla -- Galatians / Moisés Silva -- Ephesians / Frank S. Thielman -- Philippians / Moisés Silva -- Colossians / G.K. Beale -- 1-2 Thessalonians / Jeffrey A.D. Weima -- 1-2 Timothy and Titus / Philip H. Towner -- Hebrews / George H. Guthrie -- James, 1 Peter, 2 Peter, 1-3 John, Jude / D.A. Carson -- Revelation / G.K. Beale and Sean M. McDonough. |
| 630 00 - SUBJECT ADDED ENTRY--UNIFORM TITLE | |
| Uniform title | Bible. |
| Name of part/section of a work | N.T. |
| General subdivision | Criticism, interpretation, etc. {ch}. |
| 630 00 - SUBJECT ADDED ENTRY--UNIFORM TITLE | |
| Uniform title | Bible. |
| Name of part/section of a work | N.T. |
| General subdivision | Relation to the Old Testament {ch}. |
| 700 1# - ADDED ENTRY--PERSONAL NAME | |
| Personal name | Beale, G. K. |
| Fuller form of name | (Gregory K.), |
| Dates associated with a name | 1949- |
| 700 1# - ADDED ENTRY--PERSONAL NAME | |
| Personal name | Carson, D. A. |
| 9 (RLIN) | 144 |
| 700 1# - ADDED ENTRY--PERSONAL NAME | |
| Personal name | Pan, Qiusong. |
| 700 1# - ADDED ENTRY--PERSONAL NAME | |
| Personal name | Jin, Jiyu. |
| 700 1# - ADDED ENTRY--PERSONAL NAME | |
| Personal name | Yu, Hui. |
| 942 ## - ADDED ENTRY ELEMENTS (KOHA) | |
| Source of classification or shelving scheme | Library of Congress Classification |
| Item type | Books |
| Withdrawn status | Lost status | Source of classification or shelving scheme | Damaged status | Not for loan | Home library | Current library | Shelving location | Date acquired | Source of acquisition | Cost, normal purchase price | Serial Enumeration / chronology | Inventory number | Total Checkouts | Full call number | Barcode | Date last seen | Price effective from | Koha item type | Copy number |
|---|---|---|---|---|---|---|---|---|---|---|---|---|---|---|---|---|---|---|---|
| Library of Congress Classification | BSOP Library | BSOP Library | Reference Chinese | 05/30/2014 | 2236.08 | v. I | C-12015 | BS511.3 C73 2012 | 00044415 | 05/30/2014 | 05/30/2014 | Books | |||||||
| Library of Congress Classification | BSOP Library | BSOP Library | Reference Chinese | 05/30/2014 | 2236.08 | v. II | C-12016 | BS511.3 C73 2012 | 00044416 | 05/30/2014 | 05/30/2014 | Books | |||||||
| Library of Congress Classification | BSOP Library | BSOP Library | Reference Chinese | 11/07/2014 | v. I | C-12399 | BS511.3 C73 2012 | 00044799 | 11/07/2014 | 11/07/2014 | Books | c. 2 | |||||||
| Library of Congress Classification | BSOP Library | BSOP Library | Reference Chinese | 11/07/2014 | v. II | C-12400 | BS511.3 C73 2012 | 00044800 | 11/07/2014 | 11/07/2014 | Books | c. 2 | |||||||
| Library of Congress Classification | BSOP Library | BSOP Library | Reference Chinese | 03/23/2022 | v.II | C-10928 | BS511.3 C73 2012 | 00041098 | 03/23/2022 | 03/23/2022 | Books | c.3 | |||||||
| Library of Congress Classification | BSOP Library | BSOP Library | Reference Chinese | 03/23/2022 | v.I | C-10927 | BS511.3 C73 2012 | 00041097 | 03/23/2022 | 03/23/2022 | Books | c.3 |
